[Event "Deutscher Jugend Online Cup 2020"]
[Site "Tornelo"]
[Date "2020.11.14"]
[Round "4.4"]
[White "Kutz, Ida"]
[Black "Trunz, Tamila"]
[Result "0-1"]
[WhiteElo "1269"]
[BlackElo "1379"]
[Annotator "NA RC"]
[PlyCount "148"]
[EventDate "2020.11.13"]
[EventType "k.o."]
[SourceTitle "playchess.com"]
[Source "ChessBase"]
[SourceQuality "1"]
[TimeControl "600+3"]

1. c4 {[%emt 0:00:00]} e5 {[%emt 0:00:04]} 2. Nc3 {[%emt 0:00:05]} f5 {[%emt 0:00:06]} 3. d3 {[%emt 0:00:13]} Nf6 {[%emt 0:00:03]} 4. Nf3 {[%emt 0:00:04]} Nc6 {[%emt 0:00:03]} 5. g3 {[%emt 0:00:03]} g6 {[%emt 0:00:05]} 6. Bg2 {[%emt 0:00:04]} Bg7 {[%emt 0:00:04]} 7. O-O {[%emt 0:00:15]} h6 {[%emt 0:00:03]} 8. e4 {[%emt 0:00:08]} O-O {[%emt 0:00:06]} 9. exf5 {[%emt 0:00:08]} gxf5 {[%emt 0:00:05]} 10. Nh4 {[%emt 0:00:09]} d6 {[%emt 0:00:05]} 11. Ng6 {[%emt 0:00:05]} Re8 {[%emt 0:00:04]} 12. Bd5+ {[%emt 0:00:13]} Kh7 {[%emt 0:00:04]} 13. Nh4 {[%emt 0:00:08]} Nxd5 {[%emt 0:00:04]} 14. Nxd5 {[%emt 0:00:07]} Ne7 {[%emt 0:00:21]} 15. Nxe7 {[%emt 0:00:08]} Qxe7 {[%emt 0:00:04]} 16. Qh5 {[%emt 0:00:25]} f4 {[%emt 0:00:09]} 17. Qg6+ {[%emt 0:00:23]} Kh8 {[%emt 0:00:06]} 18. Qh5 {[%emt 0:00:16]} e4 {[%emt 0:00:31]} 19. Ng6+ {[%emt 0:00:08]} Kh7 {[%emt 0:00:10]} 20. Nxe7 {[%emt 0:00:04]} Rxe7 {[%emt 0:00:03]} 21. dxe4 {[%emt 0:00:10]} Rxe4 {[%emt 0:00:06]} 22. Bxf4 {[%emt 0:00:14]} b6 {[%emt 0:00:12]} 23. Qd5 {[%emt 0:00:15]} Rxf4 {[%emt 0:00:25]} 24. Qxa8 {[%emt 0:00:32]} Rf8 {[%emt 0:00:04]} 25. Qe4+ {[%emt 0:00:05]} Bf5 {[%emt 0:00:05]} 26. Qb7 {[%emt 0:00:13]} Bh3 {[%emt 0:00:06]} 27. Rfe1 {[%emt 0:00:03]} h5 {[%emt 0:00:08]} 28. Qxc7 {[%emt 0:00:14]} Rf6 {[%emt 0:00:18]} 29. Re7 {[%emt 0:00:12]} Rg6 {[%emt 0:00:07]} 30. Qxd6 {[%emt 0:00:14]} Rxd6 {[%emt 0:00:05]} 31. f4 {[%emt 0:00:16]} Rd2 {[%emt 0:00:06]} 32. Rxa7 {[%emt 0:00:26]} Rxb2 {[%emt 0:00:04]} 33. Re1 {[%emt 0:00:14]} Kh6 {[%emt 0:00:16]} 34. Rd1 {[%emt 0:00:07]} Rg2+ {[%emt 0:00:14]} 35. Kh1 {[%emt 0:00:04]} Rc2 {[%emt 0:00:13]} 36. Rd6+ {[%emt 0:00:32]} Kh7 {[%emt 0:00:05]} 37. Rd1 {[%emt 0:00:13]} Rxc4 {[%emt 0:00:10]} 38. Kg1 {[%emt 0:00:12]} b5 {[%emt 0:00:13]} 39. Kf2 {[%emt 0:00:17]} Rc2+ {[%emt 0:00:08]} 40. Ke1 {[%emt 0:00:16]} Rxh2 {[%emt 0:00:42]} 41. Rdd7 {[%emt 0:00:10]} Bxd7 {[%emt 0:00:07]} 42. Rxd7 {[%emt 0:00:05]} Rxa2 {[%emt 0:00:03]} 43. Rb7 {[%emt 0:00:25]} Rb2 {[%emt 0:00:12]} 44. Rd7 {[%emt 0:00:06]} b4 {[%emt 0:00:04]} 45. Rd5 {[%emt 0:00:04]} b3 {[%emt 0:00:03]} 46. Rxh5+ {[%emt 0:00:03]} Kg8 {[%emt 0:00:07]} 47. Rb5 {[%emt 0:00:04]} Kf7 {[%emt 0:00:11]} 48. Rb7+ {[%emt 0:00:03]} Kg6 {[%emt 0:00:06]} 49. Rb6+ {[%emt 0:00:03]} Kh5 {[%emt 0:00:09]} 50. Rb5+ {[%emt 0:00:15]} Kg6 {[%emt 0:00:20]} 51. Rg5+ {[%emt 0:00:04]} Kf7 {[%emt 0:00:06]} 52. Rf5+ {[%emt 0:00:03]} Ke6 {[%emt 0:00:03]} 53. Rg5 {[%emt 0:00:10]} Bc3+ {[%emt 0:00:07]} 54. Kf1 {[%emt 0:00:10]} Rb1+ {[%emt 0:00:05]} 55. Kg2 {[%emt 0:00:03]} b2 {[%emt 0:00:06]} 56. Rg6+ {[%emt 0:00:06]} Kd5 {[%emt 0:00:03]} 57. Rb6 {[%emt 0:00:05]} Rg1+ {[%emt 0:00:08]} 58. Kxg1 {[%emt 0:00:12]} Bd4+ {[%emt 0:00:05]} 59. Kg2 {[%emt 0:00:01]} Bxb6 {[%emt 0:00:04]} 60. Kf3 {[%emt 0:00:02]} b1=Q {[%emt 0:00:04]} 61. Kg4 {[%emt 0:00:01]} Ke6 {[%emt 0:00:08]} 62. Kf3 {[%emt 0:00:07]} Kf5 {[%emt 0:00:06]} 63. g4+ {[%emt 0:00:03]} Kg6 {[%emt 0:00:04]} 64. Kg3 {[%emt 0:00:05]} Bc7 {[%emt 0:00:09]} 65. g5 {[%emt 0:00:08]} Bxf4+ {[%emt 0:00:05]} 66. Kxf4 {[%emt 0:00:02]} Qf5+ {[%emt 0:00:04]} 67. Ke3 {[%emt 0:00:02]} Qxg5+ {[%emt 0:00:03]} 68. Ke4 {[%emt 0:00:02]} Kf6 {[%emt 0:00:04]} 69. Kd4 {[%emt 0:00:03]} Ke6 {[%emt 0:00:03]} 70. Ke4 {[%emt 0:00:03]} Qg4+ {[%emt 0:00:03]} 71. Kd3 {[%emt 0:00:02]} Kd5 {[%emt 0:00:02]} 72. Kc2 {[%emt 0:00:02]} Kc4 {[%emt 0:00:05]} 73. Kb1 {[%emt 0:00:02]} Kb3 {[%emt 0:00:03]} 74. Ka1 {[%emt 0:00:02]} Qd1# {[%emt 0:00:03]} 0-1

[Event "Deutscher Jugend Online Cup 2020"]
[Site "Tornelo"]
[Date "2020.11.14"]
[Round "4.5"]
[White "Sickmann, Lisa"]
[Black "B___, L___"]
[Result "1-0"]
[WhiteElo "1510"]
[BlackElo "1348"]
[Annotator "NA RC"]
[PlyCount "89"]
[EventDate "2020.11.13"]
[EventType "k.o."]
[SourceTitle "playchess.com"]
[Source "ChessBase"]
[SourceQuality "1"]
[TimeControl "600+3"]

1. e4 {[%emt 0:00:00]} c5 {[%emt 0:00:03]} 2. Nf3 {[%emt 0:00:03]} g6 {[%emt 0:00:02]} 3. d4 {[%emt 0:00:02]} cxd4 {[%emt 0:00:02]} 4. Nxd4 {[%emt 0:00:02]} Nf6 {[%emt 0:00:09]} 5. Nc3 {[%emt 0:00:08]} Nc6 {[%emt 0:00:02]} 6. Be3 {[%emt 0:00:06]} d6 {[%emt 0:00:10]} 7. f3 {[%emt 0:00:04]} Bg7 {[%emt 0:00:03]} 8. Qd2 {[%emt 0:00:04]} O-O {[%emt 0:00:07]} 9. O-O-O {[%emt 0:00:03]} Nxd4 {[%emt 0:00:11]} 10. Bxd4 {[%emt 0:00:04]} Be6 {[%emt 0:00:01]} 11. g4 {[%emt 0:00:07]} Qa5 {[%emt 0:00:10]} 12. Kb1 {[%emt 0:00:13]} Rfc8 {[%emt 0:00:08]} 13. h4 {[%emt 0:00:16]} a6 {[%emt 0:00:18]} 14. h5 {[%emt 0:00:56]} b5 {[%emt 0:00:06]} 15. hxg6 {[%emt 0:00:42]} fxg6 {[%emt 0:00:04]} 16. g5 {[%emt 0:00:17]} b4 {[%emt 0:00:20]} 17. Nd5 {[%emt 0:00:38]} Nxd5 {[%emt 0:00:04]} 18. exd5 {[%emt 0:00:04]} Bxd5 {[%emt 0:00:05]} 19. Qh2 {[%emt 0:01:07]} Qxa2+ {[%emt 0:00:07]} 20. Kc1 {[%emt 0:00:03]} Bxd4 {[%emt 0:00:36]} 21. Qxh7+ {[%emt 0:00:32]} Kf8 {[%emt 0:00:03]} 22. Rxd4 {[%emt 0:00:16]} b3 {[%emt 0:01:17]} 23. Qh8+ {[%emt 0:00:22]} Bg8 {[%emt 0:00:04]} 24. Rf4+ {[%emt 0:00:14]} Ke8 {[%emt 0:00:08]} 25. Qxg8+ {[%emt 0:00:09]} Kd7 {[%emt 0:00:02]} 26. Bh3+ {[%emt 0:00:05]} Kc7 {[%emt 0:00:10]} 27. Bxc8 {[%emt 0:00:32]} Rxc8 {[%emt 0:00:04]} 28. Rc4+ {[%emt 0:00:15]} Kb7 {[%emt 0:00:04]} 29. Qxc8+ {[%emt 0:00:03]} Kb6 {[%emt 0:00:03]} 30. Qc7+ {[%emt 0:00:06]} Kb5 {[%emt 0:00:03]} 31. Qc6+ {[%emt 0:00:14]} Ka5 {[%emt 0:00:03]} 32. Ra4+ {[%emt 0:00:16]} Qxa4 {[%emt 0:00:07]} 33. Qxa4+ {[%emt 0:00:02]} Kxa4 {[%emt 0:00:02]} 34. Rh6 {[%emt 0:00:06]} Kb4 {[%emt 0:00:12]} 35. Rxg6 {[%emt 0:00:05]} a5 {[%emt 0:00:03]} 36. Re6 {[%emt 0:00:05]} a4 {[%emt 0:00:05]} 37. g6 {[%emt 0:00:03]} a3 {[%emt 0:00:09]} 38. bxa3+ {[%emt 0:00:04]} Kxa3 {[%emt 0:00:04]} 39. cxb3 {[%emt 0:00:02]} Kxb3 {[%emt 0:00:03]} 40. g7 {[%emt 0:00:02]} d5 {[%emt 0:00:09]} 41. g8=Q {[%emt 0:00:03]} d4 {[%emt 0:00:04]} 42. Rc6+ {[%emt 0:00:03]} Kb4 {[%emt 0:00:04]} 43. Qb8+ {[%emt 0:00:03]} Ka5 {[%emt 0:00:02]} 44. Rc7 {[%emt 0:00:05]} Ka6 {[%emt 0:00:04]} 45. Ra7# {[%emt 0:00:02]} 1-0

[Event "Deutscher Jugend Online Cup 2020"]
[Site "Tornelo"]
[Date "2020.11.14"]
[Round "4.6"]
[White "Buchinger, Alexis"]
[Black "Marcziter, Alex"]
[Result "1-0"]
[WhiteElo "1496"]
[BlackElo "1401"]
[Annotator "NA RC"]
[PlyCount "85"]
[EventDate "2020.11.13"]
[EventType "k.o."]
[SourceTitle "playchess.com"]
[Source "ChessBase"]
[SourceQuality "1"]
[TimeControl "600+3"]

1. e4 {[%emt 0:00:00]} e5 {[%emt 0:00:04]} 2. Nf3 {[%emt 0:00:02]} Nc6 {[%emt 0:00:03]} 3. Bc4 {[%emt 0:00:03]} Nf6 {[%emt 0:00:02]} 4. d3 {[%emt 0:00:03]} Bc5 {[%emt 0:00:04]} 5. c3 {[%emt 0:00:05]} d6 {[%emt 0:00:20]} 6. O-O {[%emt 0:00:10]} h6 {[%emt 0:00:12]} 7. Re1 {[%emt 0:00:03]} O-O {[%emt 0:00:05]} 8. Nbd2 {[%emt 0:00:02]} a6 {[%emt 0:00:02]} 9. a4 {[%emt 0:00:07]} Be6 {[%emt 0:00:04]} 10. Ba2 {[%emt 0:00:18]} Ne7 {[%emt 0:00:36]} 11. d4 {[%emt 0:00:07]} exd4 {[%emt 0:00:11]} 12. cxd4 {[%emt 0:00:02]} Ba7 {[%emt 0:00:06]} 13. b4 {[%emt 0:00:18]} Ng6 {[%emt 0:00:27]} 14. Bb2 {[%emt 0:00:10]} Bxa2 {[%emt 0:00:11]} 15. Rxa2 {[%emt 0:00:03]} Qd7 {[%emt 0:00:15]} 16. e5 {[%emt 0:00:08]} Nd5 {[%emt 0:00:39]} 17. Qb3 {[%emt 0:00:11]} Ndf4 {[%emt 0:00:28]} 18. Nf1 {[%emt 0:00:27]} Qg4 {[%emt 0:00:24]} 19. Ne3 {[%emt 0:00:15]} Qd7 {[%emt 0:00:38]} 20. Bc3 {[%emt 0:00:44]} dxe5 {[%emt 0:01:00]} 21. Nxe5 {[%emt 0:00:07]} Nxe5 {[%emt 0:00:06]} 22. dxe5 {[%emt 0:00:01]} Qc6 {[%emt 0:00:19]} 23. Qc4 {[%emt 0:00:43]} Bxe3 {[%emt 0:00:36]} 24. Qxc6 {[%emt 0:00:03]} Bxf2+ {[%emt 0:00:06]} 25. Rxf2 {[%emt 0:00:04]} bxc6 {[%emt 0:00:04]} 26. Rxf4 {[%emt 0:00:03]} Rad8 {[%emt 0:00:03]} 27. Rc4 {[%emt 0:00:03]} Rfe8 {[%emt 0:00:06]} 28. Rxc6 {[%emt 0:00:03]} Re6 {[%emt 0:00:02]} 29. Rxe6 {[%emt 0:00:03]} fxe6 {[%emt 0:00:02]} 30. Rc1 {[%emt 0:00:05]} Rd3 {[%emt 0:00:04]} 31. Be1 {[%emt 0:00:07]} Ra3 {[%emt 0:00:06]} 32. Rxc7 {[%emt 0:00:04]} Rxa4 {[%emt 0:00:03]} 33. Re7 {[%emt 0:00:01]} Ra1 {[%emt 0:00:03]} 34. Kf2 {[%emt 0:00:04]} Ra2+ {[%emt 0:00:01]} 35. Kf1 {[%emt 0:00:03]} Kf8 {[%emt 0:00:15]} 36. Rxe6 {[%emt 0:00:02]} Kf7 {[%emt 0:00:02]} 37. Rb6 {[%emt 0:00:03]} g6 {[%emt 0:00:14]} 38. e6+ {[%emt 0:00:02]} Ke7 {[%emt 0:00:03]} 39. h3 {[%emt 0:00:18]} Kf6 {[%emt 0:00:11]} 40. Bc3+ {[%emt 0:00:06]} Ke7 {[%emt 0:00:04]} 41. b5 {[%emt 0:00:05]} axb5 {[%emt 0:00:02]} 42. Bb4+ {[%emt 0:00:03]} Ke8 {[%emt 0:00:05]} 43. Rb8# {[%emt 0:00:03]} 1-0

[Event "Deutscher Jugend Online Cup 2020"]
[Site "Tornelo"]
[Date "2020.11.14"]
[Round "4.6"]
[White "Wartenberg, Alissa"]
[Black "Haug, Mara"]
[Result "1/2-1/2"]
[WhiteElo "1463"]
[BlackElo "1356"]
[Annotator "NA RC"]
[PlyCount "198"]
[EventDate "2020.11.13"]
[EventType "k.o."]
[SourceTitle "playchess.com"]
[Source "ChessBase"]
[SourceQuality "1"]
[TimeControl "600+3"]

1. e4 {[%emt 0:00:00]} c5 {[%emt 0:00:03]} 2. Nf3 {[%emt 0:00:03]} Nc6 {[%emt 0:00:02]} 3. d4 {[%emt 0:00:03]} cxd4 {[%emt 0:00:02]} 4. Nxd4 {[%emt 0:00:02]} g6 {[%emt 0:00:01]} 5. c4 {[%emt 0:00:03]} Bg7 {[%emt 0:00:03]} 6. Be3 {[%emt 0:00:08]} d6 {[%emt 0:00:06]} 7. Nc3 {[%emt 0:00:06]} Nf6 {[%emt 0:00:03]} 8. f3 {[%emt 0:00:28]} Be6 {[%emt 0:00:07]} 9. Nxe6 {[%emt 0:00:27]} fxe6 {[%emt 0:00:02]} 10. Be2 {[%emt 0:00:10]} O-O {[%emt 0:00:08]} 11. Qd2 {[%emt 0:00:05]} Rc8 {[%emt 0:00:07]} 12. O-O-O {[%emt 0:00:24]} a6 {[%emt 0:00:06]} 13. Bh6 {[%emt 0:00:11]} Ne5 {[%emt 0:00:19]} 14. Bxg7 {[%emt 0:00:25]} Kxg7 {[%emt 0:00:03]} 15. Qd4 {[%emt 0:00:58]} Qc7 {[%emt 0:00:19]} 16. f4 {[%emt 0:01:26]} Nxc4 {[%emt 0:00:13]} 17. Kb1 {[%emt 0:00:25]} Qb6 {[%emt 0:00:18]} 18. Bxc4 {[%emt 0:00:24]} Qxd4 {[%emt 0:00:17]} 19. Rxd4 {[%emt 0:00:03]} b5 {[%emt 0:00:02]} 20. Bb3 {[%emt 0:00:06]} Rc7 {[%emt 0:00:32]} 21. a3 {[%emt 0:00:29]} Rfc8 {[%emt 0:00:06]} 22. Bxe6 {[%emt 0:00:04]} Rb8 {[%emt 0:00:05]} 23. Nd5 {[%emt 0:00:15]} Rcb7 {[%emt 0:00:18]} 24. Nxf6 {[%emt 0:00:06]} exf6 {[%emt 0:00:01]} 25. Rxd6 {[%emt 0:00:04]} a5 {[%emt 0:00:06]} 26. Rd7+ {[%emt 0:00:03]} Rxd7 {[%emt 0:00:02]} 27. Bxd7 {[%emt 0:00:03]} b4 {[%emt 0:00:01]} 28. axb4 {[%emt 0:00:03]} Rxb4 {[%emt 0:00:03]} 29. Bc6 {[%emt 0:00:04]} a4 {[%emt 0:00:04]} 30. Ka2 {[%emt 0:00:07]} Rc4 {[%emt 0:00:06]} 31. Bd5 {[%emt 0:00:05]} Rd4 {[%emt 0:00:02]} 32. Rc1 {[%emt 0:00:06]} Rd2 {[%emt 0:00:08]} 33. Rg1 {[%emt 0:00:08]} Rf2 {[%emt 0:00:05]} 34. g3 {[%emt 0:00:25]} Rxh2 {[%emt 0:00:02]} 35. Ka3 {[%emt 0:00:05]} Rf2 {[%emt 0:00:13]} 36. Bc6 {[%emt 0:00:12]} Re2 {[%emt 0:00:09]} 37. Ka2 {[%emt 0:00:18]} Re3 {[%emt 0:00:09]} 38. Kb1 {[%emt 0:00:10]} Kf7 {[%emt 0:00:05]} 39. Kc1 {[%emt 0:00:03]} Ke7 {[%emt 0:00:09]} 40. Kd2 {[%emt 0:00:10]} Rb3 {[%emt 0:00:03]} 41. Kc2 {[%emt 0:00:02]} Re3 {[%emt 0:00:04]} 42. Rg2 {[%emt 0:00:05]} Kd6 {[%emt 0:00:03]} 43. Bd5 {[%emt 0:00:06]} f5 {[%emt 0:00:05]} 44. Rd2 {[%emt 0:00:12]} fxe4 {[%emt 0:00:15]} 45. Bxe4+ {[%emt 0:00:08]} Ke6 {[%emt 0:00:02]} 46. Bd5+ {[%emt 0:00:02]} Kf6 {[%emt 0:00:05]} 47. Rg2 {[%emt 0:00:06]} Kf5 {[%emt 0:00:03]} 48. Bc6 {[%emt 0:00:04]} a3 {[%emt 0:00:17]} 49. bxa3 {[%emt 0:00:14]} Rxa3 {[%emt 0:00:03]} 50. Kb2 {[%emt 0:00:02]} Re3 {[%emt 0:00:04]} 51. Bd7+ {[%emt 0:00:04]} Kf6 {[%emt 0:00:06]} 52. Kc1 {[%emt 0:00:11]} Rd3 {[%emt 0:00:06]} 53. Bh3 {[%emt 0:00:12]} h5 {[%emt 0:00:09]} 54. Kc2 {[%emt 0:00:04]} Ra3 {[%emt 0:00:05]} 55. Kd1 {[%emt 0:00:05]} h4 {[%emt 0:00:07]} 56. Bc8 {[%emt 0:01:18]} hxg3 {[%emt 0:00:07]} 57. Ke2 {[%emt 0:00:19]} Rc3 {[%emt 0:00:19]} 58. Bd7 {[%emt 0:00:16]} Rc7 {[%emt 0:00:10]} 59. Bh3 {[%emt 0:00:03]} Rc3 {[%emt 0:00:04]} 60. Bd7 {[%emt 0:00:04]} Rb3 {[%emt 0:00:07]} 61. Bg4 {[%emt 0:00:07]} Ra3 {[%emt 0:00:23]} 62. Kf1 {[%emt 0:00:10]} Ra1+ {[%emt 0:00:06]} 63. Ke2 {[%emt 0:00:02]} Ra3 {[%emt 0:00:02]} 64. Bf3 {[%emt 0:00:04]} Kf5 {[%emt 0:00:07]} 65. Rxg3 {[%emt 0:00:06]} Kxf4 {[%emt 0:00:02]} 66. Rg4+ {[%emt 0:00:01]} Kf5 {[%emt 0:00:04]} 67. Rb4 {[%emt 0:00:02]} Ra2+ {[%emt 0:00:10]} 68. Ke3 {[%emt 0:00:04]} Ra5 {[%emt 0:00:10]} 69. Be4+ {[%emt 0:00:03]} Kf6 {[%emt 0:00:09]} 70. Rb6+ {[%emt 0:00:03]} Kf7 {[%emt 0:00:04]} 71. Bxg6+ {[%emt 0:00:03]} Ke7 {[%emt 0:00:06]} 72. Kf4 {[%emt 0:00:05]} Kf8 {[%emt 0:00:08]} 73. Bf5 {[%emt 0:00:03]} Ra1 {[%emt 0:00:11]} 74. Rb7 {[%emt 0:00:03]} Rf1+ {[%emt 0:00:03]} 75. Kg5 {[%emt 0:00:01]} Ke8 {[%emt 0:00:15]} 76. Kf6 {[%emt 0:00:06]} Rd1 {[%emt 0:00:16]} 77. Rb8+ {[%emt 0:00:03]} Rd8 {[%emt 0:00:03]} 78. Bg6+ {[%emt 0:00:02]} Kd7 {[%emt 0:00:05]} 79. Rb7+ {[%emt 0:00:02]} Kc8 {[%emt 0:00:06]} 80. Rb1 {[%emt 0:00:02]} Rd6+ {[%emt 0:00:02]} 81. Kf7 {[%emt 0:00:01]} Kc7 {[%emt 0:00:07]} 82. Be4 {[%emt 0:00:05]} Rd7+ {[%emt 0:00:04]} 83. Ke6 {[%emt 0:00:01]} Rd6+ {[%emt 0:00:02]} 84. Ke5 {[%emt 0:00:04]} Rb6 {[%emt 0:00:27]} 85. Rc1+ {[%emt 0:00:02]} Kb8 {[%emt 0:00:04]} 86. Bf5 {[%emt 0:00:02]} Rb5+ {[%emt 0:00:07]} 87. Kf6 {[%emt 0:00:03]} Ka7 {[%emt 0:00:05]} 88. Ra1+ {[%emt 0:00:03]} Kb6 {[%emt 0:00:03]} 89. Be6 {[%emt 0:00:02]} Rb4 {[%emt 0:00:13]} 90. Ke7 {[%emt 0:00:03]} Rd4 {[%emt 0:00:09]} 91. Rb1+ {[%emt 0:00:06]} Kc5 {[%emt 0:00:11]} 92. Rc1+ {[%emt 0:00:02]} Kb4 {[%emt 0:00:06]} 93. Kf6 {[%emt 0:00:07]} Rd6 {[%emt 0:00:06]} 94. Ke5 {[%emt 0:00:02]} Ra6 {[%emt 0:00:06]} 95. Kd4 {[%emt 0:00:04]} Rxe6 {[%emt 0:00:05]} 96. Rb1+ {[%emt 0:00:02]} Ka5 {[%emt 0:00:07]} 97. Kc5 {[%emt 0:00:02]} Re5+ {[%emt 0:00:03]} 98. Kd4 {[%emt 0:00:02]} Rb5 {[%emt 0:00:02]} 99. Rxb5+ {[%emt 0:00:04]} Kxb5 {[%emt 0:00:02]} 1/2-1/2

[Event "Deutscher Jugend Online Cup 2020"]
[Site "Tornelo"]
[Date "2020.11.14"]
[Round "4.7"]
[White "Besou, Hussain"]
[Black "Goldmann, David"]
[Result "1-0"]
[WhiteElo "1804"]
[BlackElo "1644"]
[Annotator "NA RC"]
[PlyCount "61"]
[EventDate "2020.11.13"]
[EventType "k.o."]
[SourceTitle "playchess.com"]
[Source "ChessBase"]
[SourceQuality "1"]
[TimeControl "600+3"]

1. d4 {[%emt 0:00:00]} Nf6 {[%emt 0:00:06]} 2. c4 {[%emt 0:00:04]} d5 {[%emt 0:00:01]} 3. cxd5 {[%emt 0:00:06]} Nxd5 {[%emt 0:00:04]} 4. e4 {[%emt 0:00:02]} Nb6 {[%emt 0:00:02]} 5. Nc3 {[%emt 0:00:03]} e6 {[%emt 0:00:01]} 6. Be3 {[%emt 0:00:03]} Bb4 {[%emt 0:00:03]} 7. a3 {[%emt 0:00:03]} Bxc3+ {[%emt 0:00:02]} 8. bxc3 {[%emt 0:00:02]} O-O {[%emt 0:00:03]} 9. Nf3 {[%emt 0:00:02]} N8d7 {[%emt 0:00:01]} 10. Be2 {[%emt 0:00:03]} Nf6 {[%emt 0:00:02]} 11. Qc2 {[%emt 0:00:03]} Bd7 {[%emt 0:00:03]} 12. a4 {[%emt 0:00:03]} Qe8 {[%emt 0:00:07]} 13. a5 {[%emt 0:00:04]} Nc8 {[%emt 0:00:08]} 14. O-O {[%emt 0:00:02]} Ne7 {[%emt 0:00:06]} 15. Rfb1 {[%emt 0:00:04]} Bc6 {[%emt 0:00:02]} 16. Nd2 {[%emt 0:00:02]} Ng6 {[%emt 0:00:02]} 17. c4 {[%emt 0:00:07]} Rb8 {[%emt 0:00:11]} 18. d5 {[%emt 0:00:02]} exd5 {[%emt 0:00:01]} 19. cxd5 {[%emt 0:00:04]} Bd7 {[%emt 0:00:04]} 20. Bxa7 {[%emt 0:00:02]} Ra8 {[%emt 0:00:02]} 21. Rxb7 {[%emt 0:00:02]} Ne5 {[%emt 0:00:06]} 22. Qxc7 {[%emt 0:00:03]} Rc8 {[%emt 0:00:02]} 23. Qb6 {[%emt 0:00:09]} Rc2 {[%emt 0:00:07]} 24. Qb4 {[%emt 0:00:03]} Qc8 {[%emt 0:00:08]} 25. a6 {[%emt 0:00:12]} Qc3 {[%emt 0:00:08]} 26. Qxc3 {[%emt 0:00:03]} Rxc3 {[%emt 0:00:00]} 27. Bd4 {[%emt 0:00:05]} Rc2 {[%emt 0:00:02]} 28. Bxe5 {[%emt 0:00:02]} Rxd2 {[%emt 0:00:02]} 29. a7 {[%emt 0:00:01]} Ba4 {[%emt 0:00:10]} 30. Bb8 {[%emt 0:00:11]} Rc8 {[%emt 0:00:07]} 31. Rc7 {[%emt 0:00:11]} 1-0

[Event "Deutscher Jugend Online Cup 2020"]
[Site "Tornelo"]
[Date "2020.11.14"]
[Round "5.4"]
[White "Bui, Bao Anh Le"]
[Black "Bakiev, Diyor"]
[Result "1-0"]
[WhiteElo "2179"]
[BlackElo "2119"]
[Annotator "TA"]
[PlyCount "47"]
[EventDate "2020.11.13"]
[EventType "k.o."]
[SourceTitle "playchess.com"]
[Source "ChessBase"]
[SourceQuality "1"]

{[%evp 12,47,0,-6,-5,-15,-18,-21,-18,-21,-9,-9,-20,-33,137,135,412,416,444,443,427,428,611,612,588,534,543,523,569,560,633,635,669,667,679,597,1172,1141]} 1. e4 c6 2. d4 d5 3. Nc3 dxe4 4. Nxe4 Bf5 5. Ng3 Bg6 6. f4 e6 7. Nf3 Bd6 {B18: Classical Caro-Kann: 4...Bf5 sidelines.} 8. Bc4 Nd7 9. O-O Ne7 {The position is equal.} 10. c3 Qc7 11. Ne5 {[#]} O-O $146 ({Predecessor:} 11... Nf6 12. Bb3 Rd8 13. Nc4 O-O 14. Nxd6 Qxd6 15. Qf3 b6 16. Be3 Nfd5 17. Rad1 Nxe3 18. Qxe3 {½-½ (25) Bui,B (1775)-Heuser,P (2041) Berlin 2017}) 12. Kh1 c5 $2 (12... Bxe5 $15 {keeps the upper hand.} 13. fxe5 c5) 13. Nxd7 $16 {[%mdl 64] [#] Overworked Piece} Qxd7 $4 {[%mdl 8192]} (13... Rfd8 $16 {is a better defense.}) 14. dxc5 $18 Rfc8 15. Qxd6 {White is clearly winning.} Qxd6 16. cxd6 Nf5 (16... Rxc4 $142 17. b3 Rxc3 18. dxe7 f6) 17. Nxf5 Bxf5 18. Bb3 Rc6 19. Be3 Rxd6 20. Rad1 Bd3 21. Rf2 Rad8 22. Rfd2 R6d7 23. Bxa7 b5 24. Bb6 {Black did not feel at home in the position after the opening.  Weighted Error Value: White=0.12/Black=0.72} 1-0

[Event "Deutscher Jugend Online Cup 2020"]
[Site "Tornelo"]
[Date "2020.11.14"]
[Round "5.4"]
[White "Becker, Linda"]
[Black "Pohle, Saskia"]
[Result "1-0"]
[WhiteElo "1763"]
[BlackElo "1815"]
[Annotator "NA RC"]
[PlyCount "78"]
[EventDate "2020.11.13"]
[EventType "k.o."]
[SourceTitle "playchess.com"]
[Source "ChessBase"]
[SourceQuality "1"]
[TimeControl "600+3"]

{[%evp 17,66,25,32767,32767,32767,32767,32767,15,32767,-27,45,32767,32767,34,32767,-139,36,32767,-20,-33,32767,324,32767,32767,316,276,281,247,322,280,397,499,471,495,604,693,854,947,829,971,878,574,976,1065,1023,1048,1110,930,1009,759,29991]} 1. e4 {[%emt 0:00:00]} e5 {[%emt 0:00:02]} 2. Nf3 {[%emt 0:00:03]} Nc6 {[%emt 0:00:01]} 3. d4 {[%emt 0:00:01]} exd4 {[%emt 0:00:01]} 4. Nxd4 {[%emt 0:00:02]} Bc5 {[%emt 0:00:01]} 5. Nb3 {[%emt 0:00:02]} Bb6 {[%emt 0:00:05]} 6. Nc3 {[%emt 0:00:02]} Nf6 {[%emt 0:00:04]} 7. Qe2 {[%emt 0:00:11]} d6 {[%emt 0:00:02]} 8. Bg5 {[%emt 0:00:05]} O-O {[%emt 0:00:05]} 9. O-O-O {[%emt 0:00:03]} h6 {[%emt 0:00:13]} 10. Bh4 {[%emt 0:00:05]} a5 {[%emt 0:00:06]} 11. a4 {[%emt 0:00:06]} Nb4 {[%emt 0:00:07]} 12. f3 {[%emt 0:00:33]} Be6 {[%emt 0:00:31]} 13. e5 {[%emt 0:00:36]} (13. Nd4 $14) 13... Bxb3 {[%emt 0:00:10]} (13... Re8 $1 $11 14. Nd2 Bf5) 14. cxb3 {[%emt 0:00:34]} Re8 {[%emt 0:00:16]} 15. f4 {[%emt 0:00:18]} Qd7 {[%emt 0:01:02]} 16. Qf3 $2 {[%emt 0:00:54] [#]} (16. Bxf6 $14 gxf6 17. Qh5 Be3+ 18. Kb1 fxe5 19. Bc4 exf4 20. Qg6+ Kf8 21. Qxh6+ Ke7 22. Qg5+ f6 23. Qg6) 16... Nh7 $2 {[%emt 0:00:22]} (16... Ng4 $1 $17 17. Qe4 Ne3) 17. Bb5 {[%emt 0:00:19]} c6 {[%emt 0:00:19]} 18. Rxd6 {[%emt 0:00:14]} Qc7 {[%emt 0:00:11]} 19. Bc4 {[%emt 0:00:18]} Bc5 {[%emt 0:00:23]} 20. Rdd1 {[%emt 0:00:31]} Nf8 {[%emt 0:00:48]} 21. g4 {[%emt 0:00:47]} Ne6 {[%emt 0:00:12]} 22. Ne4 {[%emt 0:00:38]} Nd4 {[%emt 0:00:43]} 23. Qg3 {[%emt 0:00:16]} Ba7 {[%emt 0:00:08]} 24. g5 {[%emt 0:00:14]} Nf5 {[%emt 0:00:10]} 25. Qh3 {[%emt 0:00:30]} Nxh4 {[%emt 0:00:27]} 26. Qxh4 {[%emt 0:00:09]} hxg5 {[%emt 0:00:20]} 27. Nxg5 {[%emt 0:00:09]} Nd5 {[%emt 0:00:34]} 28. Qh7+ {[%emt 0:00:12]} Kf8 {[%emt 0:00:03]} 29. Qh8+ {[%emt 0:00:11]} Ke7 {[%emt 0:00:02]} 30. Qxg7 {[%emt 0:00:04]} Rf8 {[%emt 0:00:36]} 31. Kb1 {[%emt 0:00:18]} Rad8 {[%emt 0:01:39]} 32. e6 {[%emt 0:01:17]} Qxf4 {[%emt 0:01:47]} 33. Rhf1 {[%emt 0:00:20]} Qc7 {[%emt 0:00:06]} 34. Rxf7+ {[%emt 0:00:12]} Rxf7 {[%emt 0:00:02]} 35. Qxf7+ {[%emt 0:00:04]} Kd6 {[%emt 0:00:01]} 36. Ne4+ {[%emt 0:00:26]} Ke5 {[%emt 0:00:03]} 37. Rxd5+ {[%emt 0:00:05]} cxd5 {[%emt 0:00:05]} 38. Qxc7+ {[%emt 0:00:03]} Kxe4 {[%emt 0:00:01]} 39. Qxd8 {[%emt 0:00:04]} dxc4 {[%emt 0:00:01]} 1-0